Máquinas eléctricas
Shranjeno v:
| Glavni avtor: | |
|---|---|
| Format: | Knjiga |
| Jezik: | Spanish |
| Izdano: |
España , Madrid : Pearson Educación
|
| Teme: | |
| Oznake: |
Označite
Brez oznak, prvi označite!
|
MARC
| LEADER | 00000nam a2200000Ia 4500 | ||
|---|---|---|---|
| 003 | L000727 | ||
| 005 | 20221231144015.0 | ||
| 008 | 140114s2002 sp a 000 ||spa d | ||
| 040 | |c cru CEDI | ||
| 082 | |a 621.313 S238m | ||
| 100 | |a Sanz Feito, Javier |9 19548 | ||
| 245 | |a Máquinas eléctricas | ||
| 260 | |a España , Madrid : Pearson Educación | ||
| 300 | |a xii; 491 páginas; ilustraciones | ||
| 650 | |x MAQUINAS ELECTRICAS |9 19549 | ||
| 942 | |2 ddc |c BK | ||
| 999 | |c 15522 |d 15522 | ||
